000 00382nam a2200169Ia 4500
003 OSt
005 20240313124207.0
008 170619s9999 xx 000 0 und d
020 _a9788174464484
040 _cIIMT ENGINEERING COLLEGE
100 _aRAO. V S P
245 0 _aHUMAN RESOURCE MANAGEMENT
260 _bTMH
260 _c2009
546 _aENGLISH
942 _2ddc
_c01
999 _c18990
_d18990